00630nam a22002417a 4500003000500000005001700005008004100022010001000063011001000073035001000083040000900093082001600102100002300118245004000141260004600181300001000227490002700237650001600264650003200280700002800312700002100340830002700361CHAP20220329134927.0971013c19721966 r 00010 d a28188 a29160 a33271 cCHAP a301.155bM200aMcGregor, Douglas. aLeadership and motivationb: essays aCambridge, Maas. :bM.I.T.,c1972(c.1966) a286 p aPaperback seriesv; 8514aDirigentes.14aMotivación (Psicología)0 aBennis, Warren, G., ed.0 aSchein, Edgar H.0 aPaperback seriesv; 85